[Event "Ruhrgebiet Verbandsliga Gruppe 2 1819"]
[Site "Nordrheinwestfalen"]
[Date "2018.11.04"]
[Round "3.2"]
[White "Krueger, Erich"]
[Black "Gerlach, Felix Tobias"]
[Result "1-0"]
[WhiteElo "1999"]
[BlackElo "2073"]
[PlyCount "117"]
[EventDate "2018.09.23"]
[EventType "team-tourn"]
[EventRounds "9"]
[EventCountry "GER"]
[SourceTitle "EXT 2022"]
[Source "ChessBase"]
[SourceDate "2021.10.06"]
[SourceVersion "1"]
[SourceVersionDate "2021.10.06"]
[SourceQuality "1"]
[WhiteTeam "Essen Katernberg III"]
[BlackTeam "Brackel SF III"]
[WhiteTeamCountry "GER"]
[BlackTeamCountry "GER"]

1. d4 Nf6 2. c4 g6 3. Nc3 Bg7 4. e4 d6 5. Be2 0-0 6. Bg5 c5 7. d5 e6 8. Qd2 exd5 9. exd5 Qb6 10. Nf3 Bf5 11. Nh4 Ne4 12. Nxe4 Bxe4 13. f3 h6 14. Bxh6 Bxh6 15. Qxh6 Qxb2 16. 0-0 Bc2 17. f4 Qg7 18. Qxg7+ Kxg7 19. Rac1 Ba4 20. f5 Nd7 21. Rf3 Rfe8 22. Bf1 Re4 23. g3 Ne5 24. Ra3 Bd7 25. fxg6 fxg6 26. Ng2 g5 27. Rb1 b6 28. Rxb6 Nf3+ 29. Kf2 Rf8 30. Rxa7 Nd2+ 31. Nf4 Re7 32. Bh3 gxf4 33. Rxd7 Rxd7 34. Bxd7 f3 35. Rb7 Kg6 36. Rb6 Rf6 37. g4 Kg5 38. Rb2 Nxc4 39. Rc2 Ne5 40. Bf5 Kf4 41. a4 Rh6 42. Kg1 Ke3 43. a5 f2+ 44. Rxf2 Nf3+ 45. Kf1 Nd2+ 46. Kg2 Rf6 47. a6 c4 48. a7 Rf8 49. Kg3 Ra8 50. g5 Rxa7 51. g6 Rg7 52. Rxd2 Kxd2 53. Kf4 c3 54. Kg5 Rg8 55. h4 Rf8 56. g7 Rxf5+ 57. Kxf5 c2 58. g8Q c1Q 59. Qg5+ 1-0

[Event "Ruhrgebiet Verbandsliga Gruppe 2 1819"]
[Site "Nordrheinwestfalen"]
[Date "2018.10.07"]
[Round "2.2"]
[White "Voss, Hubertus"]
[Black "Krueger, Erich"]
[Result "1-0"]
[WhiteElo "2081"]
[BlackElo "1999"]
[PlyCount "71"]
[EventDate "2018.09.23"]
[EventType "team-tourn"]
[EventRounds "9"]
[EventCountry "GER"]
[SourceTitle "EXT 2022"]
[Source "ChessBase"]
[SourceDate "2021.10.06"]
[SourceVersion "1"]
[SourceVersionDate "2021.10.06"]
[SourceQuality "1"]
[WhiteTeam "Hamm SV"]
[BlackTeam "Essen Katernberg III"]
[WhiteTeamCountry "GER"]
[BlackTeamCountry "GER"]

1. e4 c6 2. Nc3 d5 3. Qf3 Nf6 4. e5 Nfd7 5. d4 e6 6. Nh3 Be7 7. Qg3 g6 8. Bg5 f6 9. Bh6 fxe5 10. dxe5 Qc7 11. 0-0-0 Na6 12. f4 Ndc5 13. Be2 Bd7 14. Ng5 Qa5 15. Bg7 Rg8 16. Bf6 Bxf6 17. exf6 0-0-0 18. Nxh7 Rh8 19. Ng5 Na4 20. Nxa4 Qxa4 21. Bxa6 Qxa6 22. Nf7 Qxa2 23. Nxh8 Rxh8 24. Qc3 Qa1+ 25. Kd2 Qa4 26. g3 Rf8 27. Ra1 Qe4 28. Rhe1 Qf5 29. Rxa7 Qxf6 30. Qe5 Qxe5 31. Rxe5 Kc7 32. Rg5 Kb6 33. Ra1 Rh8 34. h4 Rh6 35. Ra8 c5 36. Rg8 1-0

[Event "GER-ch Seniors 65"]
[Site "Hamburg"]
[Date "2018.07.27"]
[Round "7"]
[White "Kracht, Helmut"]
[Black "Krueger, Erich"]
[Result "0-1"]
[WhiteElo "1995"]
[BlackElo "2126"]
[PlyCount "58"]
[EventDate "2018.07.21"]
[EventType "swiss"]
[EventRounds "9"]
[EventCountry "GER"]
[SourceTitle "CBM 186 Extra"]
[Source "ChessBase"]
[SourceDate "2018.08.24"]
[SourceVersion "1"]
[SourceVersionDate "2018.08.24"]
[SourceQuality "1"]

1. e4 c6 2. Nc3 d5 3. Nf3 Bg4 4. h3 Bxf3 5. Qxf3 Nf6 6. exd5 cxd5 7. d4 e6 8. Bd3 Nc6 9. Ne2 Be7 10. c3 0-0 11. Bf4 a6 12. g4 Nd7 13. Qe3 e5 14. dxe5 Bc5 15. Qg3 Re8 16. 0-0-0 Ndxe5 17. Nd4 Nxd3+ 18. Qxd3 Bxd4 19. cxd4 Rc8 20. Kb1 Nb4 21. Qd2 Qb6 22. Rc1 Qg6+ 23. Ka1 Nc2+ 24. Kb1 Nxd4+ 25. Ka1 Qe4 26. b3 Ne2 27. Rxc8 Qxh1+ 28. Kb2 Rxc8 29. Qxe2 Qe4 0-1

[Event "NRW Class2 1718"]
[Site "Germany"]
[Date "2018.04.08"]
[Round "8.5"]
[White "Krueger, Erich"]
[Black "Teloeken, Daniel"]
[Result "0-1"]
[WhiteElo "1999"]
[BlackElo "1979"]
[PlyCount "114"]
[EventDate "2017.09.17"]
[EventType "team-tourn"]
[EventRounds "9"]
[EventCountry "GER"]
[SourceTitle "EXT 2019"]
[Source "ChessBase"]
[SourceDate "2018.10.10"]
[SourceVersion "1"]
[SourceVersionDate "2018.10.10"]
[SourceQuality "1"]
[WhiteTeam "Essen Katernberg  II"]
[BlackTeam "Suedlohn"]
[WhiteTeamCountry "GER"]
[BlackTeamCountry "GER"]

1. d4 Nf6 2. c4 c5 3. d5 b5 4. cxb5 a6 5. bxa6 g6 6. Nc3 Bxa6 7. e4 Bxf1 8. Kxf1 d6 9. g3 Bg7 10. Kg2 0-0 11. Nf3 Nbd7 12. Qe2 Qb6 13. a4 Rfb8 14. Bd2 Qa6 15. Nb5 Ne8 16. Bc3 Nc7 17. Bxg7 Kxg7 18. b3 Nxb5 19. axb5 Qb7 20. Ra6 Rxa6 21. bxa6 Qxb3 22. a7 Ra8 23. Qa6 Qb4 24. Qa1+ Nf6 25. Rb1 Rxa7 26. Qxa7 Qxb1 27. Qxe7 Qxe4 28. Qxd6 Qxd5 29. Qxd5 Nxd5 30. Ne5 f6 31. Nc4 Kf7 32. Kf3 Ke6 33. Ke4 f5+ 34. Kd3 Nf6 35. f3 Nd7 36. f4 Nf6 37. Ne5 Ng4 38. Nf3 Kd5 39. Ng5 h6 40. Nf3 Nf2+ 41. Ke3 Ng4+ 42. Kd3 c4+ 43. Kc3 Kc5 44. Nh4 Nxh2 45. Nxg6 Nf1 46. Ne5 Nxg3 47. Nxc4 Ne2+ 48. Kd3 Nxf4+ 49. Kc3 Kd5 50. Nd2 h5 51. Nf1 h4 52. Kd2 Ke4 53. Nh2 Ng6 54. Ke2 Ne5 55. Nf1 Ng4 56. Nd2+ Kf4 57. Kf1 Kg3 0-1

[Event "MVP-ch Seniors op 17th"]
[Site "Binz"]
[Date "2017.12.07"]
[Round "9.2"]
[White "Krueger, Erich"]
[Black "Baumbach, Friedrich"]
[Result "1/2-1/2"]
[WhiteElo "2173"]
[BlackElo "2152"]
[PlyCount "72"]
[EventDate "2017.11.29"]
[EventType "swiss"]
[EventRounds "9"]
[EventCountry "GER"]
[SourceTitle "EXT 2019"]
[Source "ChessBase"]
[SourceDate "2018.10.10"]
[SourceVersion "1"]
[SourceVersionDate "2018.10.10"]
[SourceQuality "1"]

1. d4 d5 2. c4 e6 3. Nc3 Nf6 4. cxd5 exd5 5. Bg5 Be7 6. e3 c6 7. Bd3 Nbd7 8. Qc2 Nf8 9. Nge2 Ne6 10. Bh4 g6 11. 0-0 Ng7 12. f3 0-0 13. e4 dxe4 14. fxe4 Ne6 15. e5 Nxd4 16. exf6 Nxc2 17. fxe7 Qxd3 18. exf8Q+ Kxf8 19. Rad1 Qe3+ 20. Bf2 Qe7 21. Ng3 Be6 22. Nge4 b6 23. Bg3 Rd8 24. Rxd8+ Qxd8 25. Bd6+ Kg8 26. Nf6+ Kg7 27. Be5 Qd3 28. Nfe4+ Kf8 29. Rf3 Qc4 30. b3 Qa6 31. Ng5 Bf5 32. g4 Bxg4 33. Rxf7+ Ke8 34. Rxh7 Qd3 35. Rh8+ Ke7 36. Rh7+ Ke8 1/2-1/2